[Event "XIII Abierto de la Constitucion"]
[Site "San Sebastian De Los Reyes"]
[Date "2011.12.07"]
[Round "6.11"]
[White "Laguna Coca, Francisco Jesus"]
[Black "Vidaurre, Luis Alberto"]
[Result "0-1"]
[WhiteElo "1744"]
[BlackElo "1871"]
[PlyCount "92"]
[EventDate "2011.12.02"]

1. e4 c5 2. Nf3 d6 3. d4 cxd4 4. Nxd4 Nf6 5. Nc3 g6 6. Bc4 Bg7 7. Be3 O-O 8.
O-O Nc6 9. Bb3 Ne5 10. f3 Bd7 11. a4 Qa5 12. Ndb5 a6 13. Na3 Bc6 14. Qd4 Nxe4
15. fxe4 Nf3+ 16. Rxf3 Bxd4 17. Bxd4 Qb4 18. Rd1 b5 19. Nd5 Bxd5 20. Bxd5 Rab8
21. axb5 axb5 22. Rb3 Qa5 23. Bc6 b4 24. Nc4 Qa6 25. Bd5 e6 26. Ne3 e5 27. Bxe5
dxe5 28. Nc4 Rfe8 29. Rf1 Re7 30. Rbf3 Rf8 31. Kh1 Kg7 32. Rb3 Qb5 33. Rbf3 f5
34. Ne3 f4 35. Nc4 Rd8 36. Rd1 Rxd5 37. exd5 Qxc4 38. d6 Rd7 39. c3 b3 40. Rfd3
Kf6 41. g3 e4 42. Rd4 Qe2 43. R4d2 Qf3+ 44. Kg1 e3 45. Rd4 Qf2+ 46. Kh1 e2 0-1

[Event "XIII Abierto de la Constitucion"]
[Site "San Sebastian De Los Reyes"]
[Date "2011.12.07"]
[Round "6.12"]
[White "De La Orden Alcocer, Alejandro"]
[Black "Nieto Esteban, Manuel"]
[Result "1/2-1/2"]
[WhiteElo "1853"]
[BlackElo "1760"]
[PlyCount "147"]
[EventDate "2011.12.02"]

1. Nf3 Nf6 2. c4 e6 3. g3 d5 4. Bg2 Be7 5. O-O O-O 6. b3 c6 7. Bb2 Nbd7 8. d3
Qb6 9. Nc3 Nc5 10. Ba3 Qd8 11. Qc2 a5 12. cxd5 exd5 13. d4 Nce4 14. Bxe7 Qxe7
15. e3 h6 16. Na4 Bf5 17. Nh4 Bh7 18. Qd1 Rfe8 19. Rc1 Qb4 20. Nf3 Rad8 21. Ne5
Nd7 22. Bxe4 Bxe4 23. Nxd7 Rxd7 24. Nc5 Rde7 25. Nxe4 Rxe4 26. Rc5 Ra8 27. Qe1
Ree8 28. Qc3 Red8 29. Ra1 Qa3 30. Qc1 Qxc1+ 31. Raxc1 Kf8 32. Rb1 Rd7 33. a3
Ke8 34. b4 axb4 35. axb4 Rc7 36. Rbc1 Kd8 37. b5 Kd7 38. bxc6+ bxc6 39. R1c2
Raa7 40. Kg2 Kd6 41. f3 Ra4 42. h4 g6 43. g4 Rb4 44. Kg3 f6 45. Kf4 Rb6 46. g5
fxg5+ 47. hxg5 h5 48. Ra2 Rf7+ 49. Kg3 Rfb7 50. Ra8 Rb8 51. Rca5 Kc7 52. R8a7+
R6b7 53. Rxb7+ Kxb7 54. f4 Re8 55. Ra3 Re4 56. Kf3 Kb8 57. Ra1 Kb7 58. Ke2 Kb8
59. Kd2 Kb7 60. Kd3 Kb8 61. Rh1 Kb7 62. Rh2 Kc7 63. Rh3 Kb7 64. Kc3 Kb6 65. Kb4
c5+ 66. Kc3 cxd4+ 67. exd4 Rxf4 68. Re3 Re4 69. Rf3 Re6 70. Rf6 Rc6+ 71. Kd3
Kc7 72. Rf7+ Kd8 73. Rg7 Ke8 74. Kd2 1/2-1/2

[Event "XIII Abierto de la Constitucion"]
[Site "San Sebastian De Los Reyes"]
[Date "2011.12.07"]
[Round "6.14"]
[White "Martinez Cepedano, Roberto"]
[Black "Alvarez Gonzalez, Eduardo"]
[Result "1-0"]
[WhiteElo "1683"]
[BlackElo "1814"]
[PlyCount "67"]
[EventDate "2011.12.02"]

1. e4 c6 2. d4 d5 3. exd5 cxd5 4. c4 Nc6 5. Nf3 Bg4 6. Be3 e6 7. c5 Nf6 8. Be2
Be7 9. O-O O-O 10. h3 Bh5 11. a3 a5 12. Nc3 b6 13. Bb5 Qc7 14. Bxc6 Qxc6 15.
Ne5 Qb7 16. g4 Bg6 17. c6 Qa6 18. a4 Bd6 19. Nb5 Bxe5 20. dxe5 Ne8 21. Qd4 Rc8
22. Rfc1 Nc7 23. Qxb6 Qxb6 24. Bxb6 Nxb5 25. axb5 Bd3 26. Rxa5 Ra8 27. c7 Rac8
28. Rc3 Be4 29. Bc5 Rfe8 30. Bd6 d4 31. Rc4 f5 32. Rxd4 Kf7 33. b6 Red8 34.
cxd8=N+ 1-0

[Event "XIII Abierto de la Constitucion"]
[Site "San Sebastian De Los Reyes"]
[Date "2011.12.07"]
[Round "6.17"]
[White "Palenciano Escolar, Adrian"]
[Black "Nuñez Miranda, Adrian"]
[Result "0-1"]
[WhiteElo "1623"]
[BlackElo "1866"]
[PlyCount "40"]
[EventDate "2011.12.02"]

1. e4 d6 2. d4 Nf6 3. Nc3 Nbd7 4. Nf3 e5 5. Bc4 Be7 6. O-O O-O 7. Re1 a6 8. a4
b6 9. b3 Bb7 10. Bb2 c6 11. dxe5 dxe5 12. Qd2 Qc7 13. Nh4 g6 14. Qg5 Kh8 15.
Re3 b5 16. Rh3 bxc4 17. Rd1 Nc5 18. b4 Ne6 19. Qh6 Nf4 20. Rg3 Ng8 0-1

[Event "XIII Abierto de la Constitucion"]
[Site "San Sebastian De Los Reyes"]
[Date "2011.12.07"]
[Round "6.18"]
[White "De Luna Butz, Alberto"]
[Black "Al-Zarif Zabala, Bassam"]
[Result "1/2-1/2"]
[WhiteElo "1811"]
[BlackElo "1701"]
[PlyCount "36"]
[EventDate "2011.12.02"]

1. d4 d5 2. c4 dxc4 3. Nf3 Nf6 4. e3 e6 5. Bxc4 c5 6. O-O a6 7. Qe2 b5 8. Bb3
Bb7 9. Rd1 Nbd7 10. Nbd2 Qb8 11. a4 Bc6 12. e4 Be7 13. e5 Nd5 14. Ne4 c4 15.
Bc2 O-O 16. Nc3 Qb7 17. Ne1 b4 18. Nxd5 Bxd5 1/2-1/2

[Event "XIII Abierto de la Constitucion"]
[Site "San Sebastian De Los Reyes"]
[Date "2011.12.07"]
[Round "6.19"]
[White "Largo Barbero, Benito"]
[Black "Plazuelo Pascual, Juan"]
[Result "1-0"]
[WhiteElo "1798"]
[BlackElo "1678"]
[PlyCount "49"]
[EventDate "2011.12.02"]

1. e4 c6 2. d4 d5 3. Nc3 dxe4 4. Nxe4 Nd7 5. Qe2 e6 6. Bf4 Ndf6 7. Nxf6+ Nxf6
8. Nf3 Be7 9. Qd2 O-O 10. Bd3 Qb6 11. c3 c5 12. Be5 Bd7 13. h4 Rad8 14. Qe2 h6
15. Bxf6 Bxf6 16. g4 Bc6 17. g5 Bxf3 18. Qxf3 Qxb2 19. O-O hxg5 20. hxg5 Bxg5
21. Kg2 f5 22. Bc4 Rf6 23. Rfe1 Kf8 24. Qh5 Bh6 25. Rxe6 1-0

[Event "XIII Abierto de la Constitucion"]
[Site "San Sebastian De Los Reyes"]
[Date "2011.12.07"]
[Round "6.20"]
[White "Gonzalez Berrendero, Carlos"]
[Black "Alfaya Marcelo, Roberto"]
[Result "1/2-1/2"]
[WhiteElo "1761"]
[BlackElo "1652"]
[PlyCount "87"]
[EventDate "2011.12.02"]

1. e4 c5 2. Nf3 d6 3. Bc4 Nf6 4. d3 Nc6 5. O-O e6 6. Bg5 Be7 7. Re1 O-O 8. a4
d5 9. exd5 exd5 10. Ba2 Be6 11. Nc3 Nb4 12. Bb1 d4 13. Bxf6 Bxf6 14. Ne4 Be7
15. Ne5 Qc7 16. Nc4 Bxc4 17. dxc4 f5 18. Nd2 Bd6 19. Qh5 g6 20. Qh4 Rae8 21.
Rxe8 Rxe8 22. Nf3 Qe7 23. Qxe7 Rxe7 24. c3 dxc3 25. bxc3 Nc6 26. Bd3 Ne5 27.
Nxe5 Bxe5 28. Ra3 Bf6 29. Kf1 Bg5 30. Ra2 Kf7 31. h3 h5 32. Be2 Bf6 33. Ra3 Rd7
34. Rb3 b6 35. Bf3 Rd3 36. a5 Rxc3 37. axb6 Rxb3 38. bxa7 Ra3 39. a8=Q Rxa8 40.
Bxa8 g5 41. Ke2 Ke6 42. Bd5+ Ke5 43. Bf7 h4 44. Kf3 1/2-1/2

[Event "XIII Abierto de la Constitucion"]
[Site "San Sebastian De Los Reyes"]
[Date "2011.12.07"]
[Round "6.23"]
[White "Farmer Negrini, Leo"]
[Black "Tevar Becerra, Alvaro"]
[Result "1-0"]
[WhiteElo "1790"]
[BlackElo "1525"]
[PlyCount "87"]
[EventDate "2011.12.02"]

1. e4 e5 2. Nf3 Nc6 3. Bc4 Bc5 4. c3 Nf6 5. d3 h6 6. Na3 d6 7. Nc2 Bg4 8. h3
Bh5 9. Ne3 O-O 10. g4 Bg6 11. Nh4 Bh7 12. Nhf5 Na5 13. b4 Nxc4 14. Nxc4 Bb6 15.
a4 a5 16. bxa5 Bxa5 17. Nxa5 Rxa5 18. Bd2 Ra6 19. c4 c6 20. O-O Bxf5 21. gxf5
d5 22. cxd5 cxd5 23. Qe2 dxe4 24. dxe4 Qd4 25. Rfe1 Rd8 26. Ra2 Rxa4 27. Rxa4
Qxa4 28. Bc3 Re8 29. f3 Qb3 30. Bd2 Rd8 31. Qg2 Qc2 32. Re2 Kh7 33. Kh2 Qd3 34.
Bb4 Nh5 35. Rd2 Qe3 36. Rxd8 Qf4+ 37. Kg1 Qe3+ 38. Kh2 Nf4 39. Qf1 Qb3 40. Be7
Qb2+ 41. Kh1 f6 42. Bxf6 gxf6 43. Qg1 Qb3 44. Rd7+ 1-0

[Event "XIII Abierto de la Constitucion"]
[Site "San Sebastian De Los Reyes"]
[Date "2011.12.07"]
[Round "6.24"]
[White "Martin Rodriguez, Jose Luis"]
[Black "Montiel Miguelez, Manuel"]
[Result "0-1"]
[WhiteElo "1483"]
[BlackElo "1934"]
[PlyCount "64"]
[EventDate "2011.12.02"]

1. e4 c5 2. Nf3 d6 3. d4 cxd4 4. Nxd4 Nf6 5. Nc3 a6 6. Bg5 e6 7. f4 Nbd7 8. Qf3
Qc7 9. Bxf6 gxf6 10. g4 b5 11. b4 Bb7 12. Qg3 Rc8 13. Nce2 Bxe4 14. Bg2 Bxg2
15. Qxg2 Nb6 16. O-O Nc4 17. Rf3 d5 18. a3 Rg8 19. Rc3 h5 20. h3 hxg4 21. hxg4
Qb6 22. Re1 Bd6 23. Kh2 Bxf4+ 24. Nxf4 Qxd4 25. Qf3 Kd7 26. Rd3 Nd2 27. Qg2
Qxf4+ 28. Kh1 Rxg4 29. Rxd5+ exd5 30. Qxd5+ Qd6 31. Qxf7+ Kc6 32. Re6 Rh8+ 0-1

[Event "XIII Abierto de la Constitucion"]
[Site "San Sebastian De Los Reyes"]
[Date "2011.12.07"]
[Round "6.25"]
[White "Orellana Illescas, Julio"]
[Black "Ojosnegros Martin, Angel"]
[Result "1-0"]
[WhiteElo "1787"]
[BlackElo "1475"]
[PlyCount "115"]
[EventDate "2011.12.02"]

1. e4 e5 2. Nf3 Nc6 3. Bb5 Bc5 4. O-O Nge7 5. c3 Bb6 6. d4 exd4 7. cxd4 d5 8.
exd5 Nxd5 9. Re1+ Be6 10. Qe2 O-O 11. Bxc6 bxc6 12. Nc3 Re8 13. Be3 Ba5 14. Qd2
Rb8 15. Rac1 Bf5 16. Ne5 Bd7 17. a3 Rb3 18. Qc2 Rb8 19. b4 Nxe3 20. fxe3 Bb6
21. Na4 Re6 22. Nxd7 Qxd7 23. Nc5 Bxc5 24. Qxc5 Rb7 25. Qf5 g6 26. Qd3 Rb5 27.
Rc5 Re5 28. Rxe5 Rxe5 29. Qa6 Re4 30. Qxa7 Qe7 31. Qc5 Qe6 32. Qc3 f5 33. g3 g5
34. Kf2 f4 35. gxf4 gxf4 36. Rg1+ Kf7 37. d5 fxe3+ 38. Ke2 Qe5 39. Qxe5 Rxe5
40. dxc6 Ke6 41. Rg7 h5 42. Rxc7 Kd6 43. Ra7 Kxc6 44. Ra5 Re8 45. Rxh5 Ra8 46.
Rc5+ Kb6 47. h4 Rxa3 48. h5 Rb3 49. Rc4 Kb5 50. Rh4 Ra3 51. h6 Ra8 52. h7 Rh8
53. Kxe3 Kc6 54. Ke4 Kd6 55. Kf5 Ke7 56. Kg6 Kf8 57. b5 Ke7 58. Kg7 1-0

[Event "XIII Abierto de la Constitucion"]
[Site "San Sebastian De Los Reyes"]
[Date "2011.12.07"]
[Round "6.31"]
[White "Navarro Rodriguez, Jesus"]
[Black "Hernandez Ramos, Alberto"]
[Result "1-0"]
[WhiteElo "1691"]
[BlackElo "1430"]
[PlyCount "67"]
[EventDate "2011.12.02"]

1. e4 e5 2. Nf3 Nc6 3. Bb5 Bc5 4. O-O Nge7 5. d3 d6 6. Bg5 f6 7. Bc1 Be6 8. a4
O-O 9. c3 d5 10. b4 Bd6 11. exd5 Bxd5 12. Be3 a6 13. Bc4 Bxc4 14. dxc4 Nf5 15.
Qb3 Kh8 16. Nbd2 e4 17. Nxe4 Nxe3 18. fxe3 Re8 19. Nxd6 Qxd6 20. Nd4 Ne5 21. c5
Qd7 22. c4 Ng4 23. Rf3 Ne5 24. Rf4 Qf7 25. Nf3 Ng6 26. Rd4 Re6 27. Rf1 h6 28.
Rfd1 Rae8 29. R1d3 Qf8 30. Rg4 Ne7 31. Rd7 Rc8 32. Qd3 Nf5 33. Qxf5 Re7 34.
Rxe7 1-0

[Event "XIII Abierto de la Constitucion"]
[Site "San Sebastian De Los Reyes"]
[Date "2011.12.08"]
[Round "7.1"]
[White "Roa Alonso, Santiago"]
[Black "Almagro Llamas, Pablo"]
[Result "1/2-1/2"]
[WhiteElo "2418"]
[BlackElo "2461"]
[PlyCount "90"]
[EventDate "2011.12.02"]

1. d4 d5 2. c4 c6 3. Nf3 Nf6 4. Nc3 dxc4 5. a4 Bf5 6. e3 e6 7. Bxc4 Bb4 8. O-O
Nbd7 9. Qe2 O-O 10. e4 Bg4 11. Rd1 Qa5 12. e5 Nd5 13. Nxd5 cxd5 14. Bd3 Be7 15.
Bd2 Qb6 16. a5 Qd8 17. h3 Bh5 18. Rdc1 Rc8 19. Rxc8 Qxc8 20. Rc1 Qb8 21. g4 Bg6
22. Bxg6 hxg6 23. Qb5 Rd8 24. Qa4 Nf8 25. Qc2 Rd7 26. Qc8 Qxc8 27. Rxc8 Rd8 28.
Rc7 Rd7 29. Rc2 a6 30. Kf1 Rd8 31. Ke2 Rb8 32. Ne1 Bd8 33. Nd3 Nd7 34. Bb4 Ra8
35. Bd2 Kf8 36. b4 Ke8 37. Nc5 Nxc5 38. bxc5 Kd7 39. Rb2 Kc6 40. g5 Bc7 41. Rb3
Rf8 42. h4 Bd8 43. Rf3 Be7 44. Rb3 Bd8 45. Rf3 Be7 1/2-1/2

[Event "XIII Abierto de la Constitucion"]
[Site "San Sebastian De Los Reyes"]
[Date "2011.12.08"]
[Round "7.2"]
[White "Quevedo Marin, Manuel"]
[Black "Hernando Pertierra, Jose Carlos"]
[Result "0-1"]
[WhiteElo "2184"]
[BlackElo "2373"]
[PlyCount "92"]
[EventDate "2011.12.02"]

1. d4 Nf6 2. c4 e6 3. Nc3 Bb4 4. f3 Nh5 5. Nh3 f5 6. e3 O-O 7. Bd3 c5 8. a3 Ba5
9. d5 Bxc3+ 10. bxc3 e5 11. Qc2 d6 12. O-O g6 13. Bd2 Ng7 14. f4 e4 15. Be2 Nd7
16. Be1 h6 17. Kh1 Kf7 18. a4 Rg8 19. Rb1 a6 20. Rb2 Rb8 21. Bd1 b6 22. Qb1 a5
23. Rg1 Ba6 24. Qa2 Qe7 25. Rd2 Ke8 26. Rb2 Kd8 27. Be2 Kc7 28. Qb1 g5 29. g3
Rh8 30. g4 fxg4 31. Rxg4 Nf6 32. Rg1 g4 33. Bxg4 Nxg4 34. Rxg4 Nf5 35. Rg6 Bxc4
36. Re6 Qf7 37. Qxe4 Qh5 38. Qxc4 Qxh3 39. Qe2 Rhg8 40. e4 Ne3 41. Rxh6 Qxh6
42. Qxe3 Rbe8 43. Re2 Qh5 44. c4 Kb7 45. e5 dxe5 46. fxe5 Rxe5 0-1

[Event "XIII Abierto de la Constitucion"]
[Site "San Sebastian De Los Reyes"]
[Date "2011.12.08"]
[Round "7.3"]
[White "Semprun Martinez, Fernando"]
[Black "Cueto, Johnny"]
[Result "1/2-1/2"]
[WhiteElo "2175"]
[BlackElo "2301"]
[PlyCount "82"]
[EventDate "2011.12.02"]

1. e4 d6 2. d4 Nf6 3. Nc3 e5 4. dxe5 dxe5 5. Qxd8+ Kxd8 6. Bg5 Be6 7. O-O-O+
Nbd7 8. f4 exf4 9. Nf3 h6 10. Bxf4 c6 11. Ne5 Ke8 12. Nc4 Ng4 13. Bg3 Bxc4 14.
Bxc4 Nge5 15. Bb3 Bc5 16. Rhf1 Ke7 17. Ne2 Rad8 18. c3 Be3+ 19. Kb1 g6 20. Nd4
Rh7 21. h3 Rc8 22. Nf3 f6 23. Nxe5 Nxe5 24. Bxe5 fxe5 25. Rf3 Bg5 26. Rfd3 Ke8
27. Rd6 Rd8 28. Re6+ Re7 29. Rxd8+ Kxd8 30. Rxg6 Kc7 31. Be6 Re8 32. b4 Rd8 33.
Rg7+ Kb8 34. Bd7 Rf8 35. Bf5 Rd8 36. Kc2 Rd2+ 37. Kb3 Re2 38. Kc4 Rxa2 39. Rg8+
Kc7 40. Rg7+ Kb8 41. Rg8+ Kc7 1/2-1/2

[Event "XIII Abierto de la Constitucion"]
[Site "San Sebastian De Los Reyes"]
[Date "2011.12.08"]
[Round "7.4"]
[White "Adan Bermudez, Sergio"]
[Black "Perez De Aranda A., Leonardo I"]
[Result "1/2-1/2"]
[WhiteElo "2292"]
[BlackElo "2117"]
[PlyCount "105"]
[EventDate "2011.12.02"]

1. c4 f5 2. g3 Nf6 3. Bg2 g6 4. d3 Bg7 5. e4 fxe4 6. dxe4 d6 7. Ne2 O-O 8. O-O
c5 9. Nbc3 Nc6 10. f4 Be6 11. Nd5 Qd7 12. Bd2 Bg4 13. Ne3 Bh3 14. Bc3 Bxg2 15.
Kxg2 Qe6 16. e5 dxe5 17. fxe5 Ng4 18. Rxf8+ Rxf8 19. Nxg4 Qxg4 20. Qd3 Rd8 21.
Qe3 Qxc4 22. Nf4 Nd4 23. b3 Qa6 24. Qe4 Qc6 25. Re1 Qxe4+ 26. Rxe4 Bh6 27. Bxd4
cxd4 28. Ne6 Rd5 29. Nxd4 Bg7 30. Nf3 Ra5 31. a4 b5 32. g4 bxa4 33. bxa4 h6 34.
Kg3 Rc5 35. h4 e6 36. Kf4 Kf7 37. Rb4 Rc7 38. Nd4 Bf8 39. Nb5 Bxb4 40. Nxc7
Bd2+ 41. Kf3 h5 42. gxh5 gxh5 43. Nb5 a6 44. Nc7 a5 45. Nb5 Be1 46. Kf4 Bxh4
47. Nd4 Bd8 48. Nc6 Bc7 49. Kg5 Ke8 50. Nd4 Bxe5 51. Nxe6 Kd7 52. Nc5+ Kc6 53.
Nb3 1/2-1/2

[Event "XIII Abierto de la Constitucion"]
[Site "San Sebastian De Los Reyes"]
[Date "2011.12.08"]
[Round "7.5"]
[White "Barez Menendez, Hector"]
[Black "Muñoz Sanchez, Daniel"]
[Result "1/2-1/2"]
[WhiteElo "2161"]
[BlackElo "1995"]
[PlyCount "96"]
[EventDate "2011.12.02"]

1. Nf3 Nf6 2. c4 e6 3. d4 Bb4+ 4. Nbd2 O-O 5. e3 b6 6. Bd3 Bb7 7. O-O Bxd2 8.
Nxd2 d6 9. e4 Nc6 10. d5 Ne5 11. Nf3 Nxd3 12. Qxd3 Nd7 13. Bg5 Ne5 14. Bxd8
Nxd3 15. Bxc7 Nxb2 16. Bxd6 Rfd8 17. c5 exd5 18. e5 Nc4 19. Rfb1 Rac8 20. Nd4
Ba6 21. Nf5 Nxd6 22. cxd6 Kf8 23. Rc1 Bc4 24. a4 a6 25. f4 b5 26. axb5 axb5 27.
Kf2 b4 28. Ke3 b3 29. Rcb1 Rb8 30. Kd4 b2 31. Ra3 Bf1 32. Ne3 Rb4+ 33. Kc3 Rxf4
34. Nxf1 Rc8+ 35. Kxb2 Rf2+ 36. Ka1 Rxg2 37. Ne3 Rxh2 38. Nxd5 Re2 39. Nb6 Rd8
40. Nc4 f6 41. Rf1 Re4 42. Ra4 Kf7 43. Ra7+ Kg6 44. exf6 gxf6 45. Rg1+ Kf5 46.
Nd2 Rd4 47. Nf3 R4xd6 48. Nh4+ Ke5 1/2-1/2

[Event "XIII Abierto de la Constitucion"]
[Site "San Sebastian De Los Reyes"]
[Date "2011.12.08"]
[Round "7.6"]
[White "Sacristan Virseda, Fernando"]
[Black "Aziz Ortego, Omar Luis"]
[Result "0-1"]
[WhiteElo "1891"]
[BlackElo "2139"]
[PlyCount "62"]
[EventDate "2011.12.02"]

1. d4 e6 2. e4 d5 3. Nc3 Bb4 4. e5 c5 5. a3 Bxc3+ 6. bxc3 Qc7 7. Nf3 Ne7 8. Bd3
Nbc6 9. O-O h6 10. a4 c4 11. Be2 Bd7 12. Nh4 Nf5 13. Nxf5 exf5 14. Bf3 Be6 15.
g4 O-O-O 16. Ba3 Qd7 17. gxf5 Bxf5 18. Bd6 Qe6 19. Rb1 f6 20. Rb5 fxe5 21. dxe5
Nxe5 22. Rc5+ Nc6 23. Rxd5 h5 24. Re1 Qg6+ 25. Kh1 Bxc2 26. Qd2 Bd3 27. Bg3
Rxd5 28. Bxd5 Re8 29. Rxe8+ Qxe8 30. Qf4 Qe1+ 31. Kg2 Bf1+ 0-1

[Event "XIII Abierto de la Constitucion"]
[Site "San Sebastian De Los Reyes"]
[Date "2011.12.08"]
[Round "7.7"]
[White "Ramos Del Campo, Alexander"]
[Black "Garcia-Ruiz Fuentes, Marcos"]
[Result "1-0"]
[WhiteElo "2038"]
[BlackElo "1841"]
[PlyCount "55"]
[EventDate "2011.12.02"]

1. e4 c5 2. Nf3 d6 3. d4 cxd4 4. Nxd4 Nf6 5. Nc3 a6 6. Bg5 e6 7. f4 Qc7 8. Qf3
b5 9. Bd3 Nbd7 10. O-O-O Qb6 11. Rhe1 Bb7 12. Nd5 exd5 13. Nc6 Nb8 14. exd5+
Kd7 15. Bxf6 gxf6 16. Nxb8+ Rxb8 17. Bf5+ Kc7 18. Qc3+ Qc5 19. Qxf6 Bg7 20.
Qxg7 Bxd5 21. Re7+ Kb6 22. Qd4 Qxd4 23. Rxd4 Kc5 24. Rd2 Rbe8 25. b4+ Kxb4 26.
Rxe8 Rxe8 27. Rxd5 Kc3 28. Rd3+ 1-0

[Event "XIII Abierto de la Constitucion"]
[Site "San Sebastian De Los Reyes"]
[Date "2011.12.08"]
[Round "7.8"]
[White "Lobato Lavin, Alvaro"]
[Black "Dierssen Garcia-Barredo, Guillermo"]
[Result "1-0"]
[WhiteElo "2033"]
[BlackElo "1770"]
[PlyCount "71"]
[EventDate "2011.12.02"]

1. e4 c5 2. Nf3 Nc6 3. d4 cxd4 4. c3 dxc3 5. Nxc3 d6 6. Bc4 a6 7. O-O Nf6 8.
Qe2 Bg4 9. Be3 e6 10. Rfd1 Qc7 11. Rac1 Be7 12. Bb3 O-O 13. h4 Bxf3 14. Qxf3
Rac8 15. Qg3 Rfd8 16. f4 b5 17. f5 b4 18. Na4 Nxe4 19. Qf3 Nc5 20. Nxc5 dxc5
21. fxe6 Ne5 22. exf7+ Kf8 23. Rxd8+ Rxd8 24. Qh5 c4 25. Qxh7 Bc5 26. Qg8+ Ke7
27. Bxc5+ Qxc5+ 28. Kh1 Qe3 29. Qxd8+ Kxd8 30. f8=Q+ Kd7 31. Rd1+ Kc6 32. Ba4+
Kb6 33. Qxb4+ Ka7 34. Qd6 Qe4 35. Qc7+ Ka8 36. Rd8# 1-0

[Event "XIII Abierto de la Constitucion"]
[Site "San Sebastian De Los Reyes"]
[Date "2011.12.08"]
[Round "7.9"]
[White "Gueler Berdasco, Martin"]
[Black "Cubillo Muñoz, Miguel"]
[Result "0-1"]
[WhiteElo "1879"]
[BlackElo "2006"]
[PlyCount "50"]
[EventDate "2011.12.02"]

1. d4 g6 2. c4 Bg7 3. Nf3 Nf6 4. Nc3 O-O 5. Bg5 d6 6. Qd2 Bg4 7. Bh6 Bxh6 8.
Qxh6 Bxf3 9. gxf3 Nc6 10. O-O-O e5 11. d5 Nd4 12. Bh3 Kh8 13. f4 b5 14. cxb5 a6
15. fxe5 dxe5 16. e4 axb5 17. a3 Qd6 18. f4 Rxa3 19. bxa3 Qxa3+ 20. Kd2 Nxe4+
21. Ke3 Nxc3 22. Rd3 Nxd5+ 23. Ke4 f5+ 24. Kxe5 Nc6+ 25. Ke6 Qd6# 0-1

[Event "XIII Abierto de la Constitucion"]
[Site "San Sebastian De Los Reyes"]
[Date "2011.12.08"]
[Round "7.10"]
[White "Vidaurre, Luis Alberto"]
[Black "Cano Cabanillas, Javier"]
[Result "1/2-1/2"]
[WhiteElo "1871"]
[BlackElo "1954"]
[PlyCount "116"]
[EventDate "2011.12.02"]

1. d4 Nf6 2. c4 g6 3. Nc3 d5 4. e3 Bg7 5. Nf3 O-O 6. Qb3 dxc4 7. Bxc4 e6 8. O-O
Nc6 9. Bb5 Ne7 10. e4 a6 11. Be2 b6 12. Re1 Bb7 13. Bf1 Nc6 14. Bf4 Nh5 15. Be3
Nxd4 16. Bxd4 Bxd4 17. Rad1 c5 18. Na4 Rb8 19. Nxd4 cxd4 20. Qxb6 Qxb6 21. Nxb6
Bc6 22. Nc4 Rfd8 23. b3 Bb5 24. Na5 Bxf1 25. Kxf1 Rbc8 26. Nc4 Rc5 27. e5 Rcd5
28. g3 Ng7 29. g4 Ne8 30. Ke2 Nc7 31. a4 Nb5 32. axb5 axb5 33. Kd3 bxc4+ 34.
bxc4 Rc5 35. f4 Kf8 36. Re4 Rc7 37. Rc1 Ra8 38. Rc2 Ra1 39. Rxd4 Ke7 40. c5 Rg1
41. g5 Ra1 42. Rd6 Ra3+ 43. Ke4 Ra5 44. c6 Ra4+ 45. Rd4 Ra6 46. Rdc4 Kd8 47.
Rd4+ Ke7 48. Rd6 Ra4+ 49. Kf3 Ra3+ 50. Kg4 Ra6 51. Rc3 Rb6 52. h4 Rb1 53. Ra3
Rg1+ 54. Kf3 Rh1 55. Kg4 Rg1+ 56. Kf3 Rh1 57. Kg3 Rg1+ 58. Kf3 Rh1 1/2-1/2

[Event "XIII Abierto de la Constitucion"]
[Site "San Sebastian De Los Reyes"]
[Date "2011.12.08"]
[Round "7.11"]
[White "Camarero Izquierdo, Juan Carlos"]
[Black "Martinez Cepedano, Roberto"]
[Result "0-1"]
[WhiteElo "1915"]
[BlackElo "1683"]
[PlyCount "60"]
[EventDate "2011.12.02"]

1. e4 c5 2. Nf3 d6 3. d4 cxd4 4. Nxd4 Nf6 5. Nc3 g6 6. Be3 Bg7 7. f3 O-O 8. Qd2
Nc6 9. O-O-O d5 10. Nxc6 bxc6 11. h4 h5 12. Bh6 Qc7 13. Bxg7 Kxg7 14. Qg5 dxe4
15. fxe4 Bg4 16. Rd2 Rfd8 17. Bd3 c5 18. Nd5 Nxd5 19. exd5 c4 20. Be2 c3 21.
Rd3 Bxe2 22. Rxc3 Qd6 23. Re1 Bg4 24. Rc6 f6 25. Qe3 Qxd5 26. Qxe7+ Kg8 27. b3
Qxc6 28. Rf1 Qc3 29. Kb1 Bf5 30. Rxf5 Rd1# 0-1

[Event "XIII Abierto de la Constitucion"]
[Site "San Sebastian De Los Reyes"]
[Date "2011.12.08"]
[Round "7.12"]
[White "Nieto Esteban, Manuel"]
[Black "Bustos Serrano, Doroteo"]
[Result "0-1"]
[WhiteElo "1760"]
[BlackElo "2120"]
[PlyCount "52"]
[EventDate "2011.12.02"]

1. e3 g6 2. c4 Bg7 3. d4 d6 4. Nf3 Nd7 5. g3 Ngf6 6. Bg2 O-O 7. O-O e5 8. Nc3
c6 9. Qc2 Re8 10. b3 Qa5 11. Bb2 Nf8 12. Rfd1 e4 13. Nd2 Bg4 14. Re1 d5 15. f3
exf3 16. Bxf3 Ne6 17. Bxg4 Nxg4 18. Nf3 Re7 19. Rad1 Rae8 20. e4 dxe4 21. Nxe4
Ng5 22. Nfxg5 Qxg5 23. Bc1 Qf5 24. d5 Rxe4 25. Rxe4 Rxe4 26. Ba3 Bd4+ 0-1

[Event "XIII Abierto de la Constitucion"]
[Site "San Sebastian De Los Reyes"]
[Date "2011.12.08"]
[Round "7.13"]
[White "Perez Alvarez, Javier"]
[Black "Lopez De Turiso Sanchez, Jose Angel"]
[Result "1/2-1/2"]
[WhiteElo "1810"]
[BlackElo "2065"]
[PlyCount "101"]
[EventDate "2011.12.02"]

1. e4 c6 2. Nf3 g6 3. d4 Bg7 4. Nc3 d6 5. Be3 Nd7 6. Bc4 e6 7. Bb3 Ne7 8. Qd2
h6 9. h3 d5 10. O-O Kf8 11. e5 Kg8 12. Ne2 Nf5 13. c3 b6 14. Bc2 Ba6 15. g4 Nh4
16. Nh2 f5 17. exf6 Qxf6 18. f4 Qe7 19. Nf3 Kh7 20. Qe1 Nxf3+ 21. Rxf3 Bxe2 22.
Qxe2 Rhg8 23. Kh1 Raf8 24. Raf1 Bf6 25. Bd2 c5 26. Re3 Re8 27. Re1 cxd4 28.
cxd4 Bxd4 29. Rxe6 Qxe6 30. Qxe6 Rxe6 31. Rxe6 Bxb2 32. f5 Nf8 33. Rd6 Rg7 34.
Rxd5 {(=)} Rd7 35. fxg6+ Kg7 36. Rxd7+ Nxd7 37. Kg2 Ne5 38. Bf4 Nxg6 39. Bxg6
Kxg6 40. Bb8 a6 41. Bc7 b5 42. h4 h5 43. Kf3 Bf6 44. gxh5+ Kxh5 45. Ke4 Kxh4
46. Kd3 Kg4 47. Kc2 Kf5 48. Kb3 Be7 49. a4 Ke6 50. axb5 axb5 51. Bg3 {(=)}
1/2-1/2

[Event "XIII Abierto de la Constitucion"]
[Site "San Sebastian De Los Reyes"]
[Date "2011.12.08"]
[Round "7.14"]
[White "Esquivias Gomez, Fco. Javier"]
[Black "Largo Barbero, Benito"]
[Result "1-0"]
[WhiteElo "2034"]
[BlackElo "1798"]
[PlyCount "117"]
[EventDate "2011.12.02"]

1. e4 g6 2. c4 Bg7 3. Nc3 d6 4. d4 Nf6 5. Be2 O-O 6. Bg5 h6 7. Be3 c6 8. Qd2
Kh7 9. f4 Ng4 10. Bxg4 Bxg4 11. h3 Bd7 12. Nf3 f6 13. O-O Be8 14. Rad1 Bf7 15.
d5 cxd5 16. cxd5 Nd7 17. Nd4 Qa5 18. Qf2 Rac8 19. f5 g5 20. Ne6 Rg8 21. h4 Bxe6
22. fxe6 Ne5 23. Qf5+ Kh8 24. hxg5 fxg5 25. Qh3 g4 26. Qh5 Kh7 27. Rf7 Nxf7 28.
exf7 Rgf8 29. Qf5+ Kh8 30. Qg6 Rxc3 31. Bxh6 Qc5+ 32. Kf1 Qc4+ 33. Ke1 Rxf7 34.
Qxf7 Qxe4+ 35. Kf1 Bxh6 36. bxc3 g3 37. Qh5 Kg8 38. Kg1 Be3+ 39. Kh1 Qh7 40.
Qxh7+ Kxh7 41. Re1 Bg5 42. Kg1 Kg7 43. Re6 Kf7 44. Kf1 Bd2 45. c4 Bc3 46. Ke2
Bd4 47. a4 b6 48. Kf3 Bf2 49. Kg4 Kf8 50. Kf5 Bd4 51. Rg6 Be5 52. Ke6 a5 53.
Kd7 Kf7 54. Rg4 Kf6 55. Kc6 Bd4 56. Rxg3 Ke5 57. Kb5 Kf6 58. Rf3+ Kg7 59. Kc6
1-0